Ourselves

Bibliographic Details
Main Author: Devi Sinniah, Lanka
Format: Book
Published: Petaling Jaya : Future Text Publication Sdn. Bhd. , 2004
Subjects:

MARC

LEADER 00000cam a2200000 7i4500
001 0000058798
005 20160114.0
008 160114
020 |a 978-9833004202 
090 0 0 |a 395   |b DEV 
100 0 |a Devi Sinniah, Lanka 
245 1 0 |a Ourselves   |c Lanka Devi Sinniah 
260 |a Petaling Jaya :   |b Future Text Publication Sdn. Bhd. ,   |c 2004 
300 |a 30pg 
650 0 |a Etiquette 
999 |a 0000875619   |b Book   |c Adult Collection   |e Cawangan Muar